| 000 | 00956nam a22002657a 4500 | ||
|---|---|---|---|
| 999 |
_c4330 _d4330 |
||
| 003 | AR-CdUCM | ||
| 008 | 190308b ||||| |||| 00| 0 spa d | ||
| 040 |
_aMUNICIPALIDAD PROVINCIAL DEL CUSCO _cBIBLIOTECA MUNICIPAL DEL CUSCO |
||
| 082 |
_a780.61 / _bC96 |
||
| 100 |
_aJustiniani Flórez, Eleodoro _913677 |
||
| 245 |
_aMusica Cusqueña (Antologia) : _bSiglos XIX-- XX / |
||
| 260 |
_aCusco : _bComite de servicios integrados turistico, culturales cusco (COSITUC), _c1985. |
||
| 300 |
_a698 páginas ; _c30 cm. |
||
| 500 | _aAntologia Musical en Pentagramas | ||
| 650 |
_aMúsica Cusqueña _913074 |
||
| 650 |
_aMúsicologia _913678 |
||
| 650 |
_aMusica en el Siglo XIX-XX _913679 |
||
| 700 |
_aEsteban Ttupa Llavilla _913680 |
||
| 700 |
_aRamos Perea, Abel _913681 |
||
| 700 |
_aAragón Catalan, Wilbert _913682 |
||
| 700 |
_aOlazával Lazarte, Fernando _913683 |
||
| 700 |
_aDávila Muñiz, Félix _913684 |
||
| 942 |
_2ddc _cLIBROS |
||
| 945 | _artm | ||